Personálny manažment historické súvislosti vzniku a rozvoja
Na minha lista:
| Autor principal: | |
|---|---|
| Formato: | Livro |
| Idioma: | eslovaco |
| Publicado em: |
Bratislava
IRIS
2006
|
| Assuntos: | |
| Tags: |
Sem tags, seja o primeiro a adicionar uma tag!
|
MARC
| LEADER | 00000nam$a2200000$$$4500 | ||
|---|---|---|---|
| 001 | 0072076 | ||
| 005 | 20240314093150.9 | ||
| 020 | |a 80-89018-98-X | ||
| 041 | 0 | |a slo | |
| 044 | |a SK | ||
| 245 | 1 | 0 | |a Personálny manažment |b historické súvislosti vzniku a rozvoja |c Sergej Vojtovič |
| 264 | 1 | |a Bratislava |b IRIS |c 2006 | |
| 300 | |a 288 s. | ||
| 610 | 2 | 0 | |a manažment personálny |
| 610 | 2 | 0 | |a história |
| 610 | 2 | 0 | |a vývoj |
| 610 | 2 | 0 | |a riadenie personálne |
| 610 | 2 | 0 | |a vzťahy medziľudské |
| 610 | 2 | 0 | |a starostlivosť sociálna |
| 610 | 2 | 0 | |a koncepcie |
| 610 | 2 | 0 | |a revolúcia vedeckotechnická |
| 610 | 2 | 0 | |a riadenie ľudských zdrojov |
| 610 | 2 | 0 | |a ekonomika nová |
| 610 | 2 | 0 | |a kapitál ľudský |
| 100 | 1 | |a Vojtovič, Sergej | |